000 00226nam a22001097a 4500
082 _a423 DIC
100 _aDIC
_976066
245 _aTHE NEW NATIONAL DICTIONARY
260 _aLONDON
_bPDF
_c1966
300 _a575P
942 _cBK
999 _c581485
_d581485